| 000 | 00887nam a22002417a 4500 | ||
|---|---|---|---|
| 999 |
_c109607 _d109607 |
||
| 005 | 20200222124040.0 | ||
| 010 | _aB-210617 | ||
| 020 |
_c130.00 _a8123013590 |
||
| 035 | _aB-210617 | ||
| 037 | _bCen Lib/Ret | ||
| 082 |
_a821.08 _bت ھ ا |
||
| 100 | _aھار تينرو ہريش چند ر | ||
| 245 |
_aھار تينرو ہريش چند ر / _cھار تينرو ہريش چند ر |
||
| 246 |
_aBhartendu Harishchandra / _bby Bhartendu Harishchandra |
||
| 260 |
_aنیی دہلی _bپتلی کيشز ڈويسژن _c2006 ء |
||
| 270 |
_bنیی دہلی _aحکو مت ہنر، سو چنا بھون، سی-جی-او کمپليکس _e110003 |
||
| 300 |
_a160p. _c20cm(pbk) |
||
| 650 | _aادب -- اردو | ||
| 650 | _aاردو سونے عمری | ||
| 650 | _aLiterature -- Urdu | ||
| 650 | _aUrdu biography | ||
| 942 |
_2ddc _cUR _h821.08 _mب ھ ا |
||